MARC

LEADER 00000nam0a2200000 4500
001 113226
005 20231031121742.0
035 |a (RuTPU)RU\TPU\book\122463 
090 |a 113226 
100 |a 20070407d1973 km y0rusy50 ca 
101 0 |a rus 
102 |a LT 
105 |a a z 001zy 
200 1 |a Емкостная подобласть индукционных процессов преобразования потоков энергии  |f А. А. Бальчитис  |g Каунасский политехнический институт 
210 |a Вильнюс  |c Минтис  |d 1973 
215 |a 308 с.  |c ил. 
320 |a Библиогр.: с. 268-277., с. 294. 
320 |a Предметный указатель: с. 295-303. 
610 1 |a индуктивно-емкостные преобразователи 
610 1 |a электрогидродинамика 
610 1 |a энергия 
610 1 |a потоки 
610 1 |a преобразование 
610 1 |a передача 
610 1 |a применение 
675 |a 621.36  |v 3 
675 |a 621.314.51  |v 3 
700 1 |a Бальчитис  |b А. А.  |g Альгирдас Альбинович 
712 0 2 |a Каунасский политехнический институт 
801 1 |a RU  |b 63413507  |c 20070407  |g PSBO 
801 2 |a RU  |b 63413507  |c 20071116  |g PSBO 
942 |c BK